Heroes of north east India / (Record no. 151139)

MARC details
000 -LEADER
fixed length control field 00594nam a22001815a 4500
005 - DATE AND TIME OF LATEST TRANSACTION
control field 20180412163801.0
010 ## - LCCN (DPL NO)
LC control number B-690772-773
020 ## - INTERNATIONAL STANDARD BOOK NUMBER
International Standard Book Number 9788170494249
Terms of availability 695.00
035 ## - SYSTEM CONTROL NUMBER
System control number B-690772-773
082 ## - DEWEY DECIMAL CLASSIFICATION NUMBER
Classification number 920
100 ## - MAIN ENTRY--PERSONAL NAME
Personal name Mukherjee, Sumitra
245 ## - TITLE STATEMENT
Title Heroes of north east India /
Statement of responsibility, etc by Sumitra Mukherjee
260 ## - PUBLICATION, DISTRIBUTION, ETC. (IMPRINT)
Place of publication, distribution, etc New Delhi :
Name of publisher, distributor, etc Manas Publications,
Date of publication, distribution, etc 2012
300 ## - PHYSICAL DESCRIPTION
Extent 301p. ;
Dimensions 22cm(Hb)
500 ## - GENERAL NOTE
General note Balidani
942 ## - ADDED ENTRY ELEMENTS (KOHA)
Source of classification or shelving scheme Dewey Decimal Classification
Item type English Books
Call number suffix MUK
Classification part 920
Holdings
Withdrawn status Lost status Not for loan Collection code Home library Current library Date acquired Source of acquisition Cost, normal purchase price Full call number Barcode Copy number Cost, replacement price Koha item type Public note
      Non-fiction Central Library Central Library 12/04/2018 MP-145/06.03.2018/791/19.03.2018/09.03.2018 695.00 920 MUK B-690772 1 695.00 English Books Balidani
      Non-fiction Sarojini Nagar Sarojini Nagar 12/04/2018 MP-145/06.03.2018/791/19.03.2018/09.03.2018 695.00 920 MUK B-690773 1 695.00 English Books Balidani

© Delhi Public Library
Hit Counter
free hit counter